[Event "BCF-chT4 2223 (4NCL)"]
[Site "England"]
[Date "2023.04.30"]
[Round "10.48"]
[White "Deacon, Matthew"]
[Black "O'Byrne, Daniel"]
[Result "1-0"]
[WhiteElo "1800"]
[BlackElo "1682"]
[PlyCount "121"]
[EventDate "2022.11.05"]
[EventType "team-swiss"]
[EventRounds "11"]
[EventCountry "ENG"]
[SourceTitle "EXT 2024"]
[Source "ChessBase"]
[SourceDate "2023.10.10"]
[SourceVersion "1"]
[SourceVersionDate "2023.10.10"]
[SourceQuality "1"]
[WhiteTeam "Wessex Some Stars II"]
[BlackTeam "War and Piece II"]
[WhiteTeamCountry "ENG"]
[BlackTeamCountry "ENG"]

1. d4 d5 2. c4 c6 3. Nf3 g6 4. Bf4 Bg7 5. Nc3 Nf6 6. h4 Qa5 7. e3 Bf5 8. Qb3 Qb6 9. cxd5 Nxd5 10. Nxd5 cxd5 11. Qxb6 axb6 12. Bc7 Nc6 13. Bb5 Bd7 14. 0-0 Ra5 15. a4 0-0 16. Bxb6 Raa8 17. Bc5 Rfe8 18. b3 h5 19. Rac1 Bg4 20. Ne5 Bxe5 21. dxe5 Bd7 22. f4 Rac8 23. Rfd1 Be6 24. b4 Kf8 25. a5 Bg4 26. Bxc6 bxc6 27. Rd2 Ra8 28. Bb6 Rec8 29. Rdc2 Bd7 30. Kf2 Ke8 31. Ra1 Bf5 32. Rc3 Bd7 33. Ke2 Rcb8 34. Bc5 Rb5 35. a6 Bc8 36. a7 Kd7 37. Rca3 Bb7 38. Kd2 Ke6 39. Kc3 Bc8 40. Kd4 Kd7 41. g3 Ke8 42. R1a2 Kd7 43. g4 hxg4 44. h5 gxh5 45. Rh2 Rb7 46. Rxh5 Rb5 47. Rg5 Bb7 48. Rxg4 Ke6 49. Rg5 Re8 50. f5+ Kd7 51. Rg7 Ba8 52. Rxf7 Rb7 53. f6 Ke6 54. Rxe7+ Rbxe7 55. fxe7 Kd7 56. e4 dxe4 57. Kxe4 Rh8 58. Rd3+ Kc7 59. Rd8 Rxd8 60. Bb6+ Kd7 61. exd8Q+ 1-0

[Event "BCF-chT4 2223 (4NCL)"]
[Site "England"]
[Date "2023.04.29"]
[Round "9.48"]
[White "O'Byrne, Daniel"]
[Black "Valle, Frank"]
[Result "1/2-1/2"]
[WhiteElo "1682"]
[BlackElo "1596"]
[PlyCount "92"]
[EventDate "2022.11.05"]
[EventType "team-swiss"]
[EventRounds "11"]
[EventCountry "ENG"]
[SourceTitle "EXT 2024"]
[Source "ChessBase"]
[SourceDate "2023.10.10"]
[SourceVersion "1"]
[SourceVersionDate "2023.10.10"]
[SourceQuality "1"]
[WhiteTeam "War and Piece II"]
[BlackTeam "Celtic Tigers III"]
[WhiteTeamCountry "ENG"]
[BlackTeamCountry "ENG"]

1. e4 c5 2. Nf3 d6 3. d4 cxd4 4. Nxd4 Nf6 5. Nc3 a6 6. f3 e6 7. Be3 Be7 8. Qd2 Nc6 9. Be2 0-0 10. 0-0-0 d5 11. exd5 Nxd5 12. Nxd5 Qxd5 13. c4 Qd6 14. a3 Bf6 15. Qc3 Rd8 16. Nxc6 Qxc6 17. Rxd8+ Bxd8 18. Bd4 f6 19. Bd3 e5 20. Bf2 Be6 21. b3 Rc8 22. Kb2 b5 23. c5 f5 24. Qc2 g6 25. Rd1 Be7 26. b4 Qd5 27. Kb1 Qc6 28. Bg3 Bf6 29. Re1 Qd5 30. Rd1 Qa8 31. Re1 Qd5 32. Rd1 Qa8 33. Be2 Rd8 34. Rxd8+ Qxd8 35. Qd1 Qc7 36. Qd6 Qxd6 37. cxd6 Kf8 38. a4 Bd7 39. Ka2 Kf7 40. Bf2 Ke6 41. Bc5 Bg7 42. Bd1 bxa4 43. Ka3 Bf8 44. Bxa4 Bxd6 45. Bb3+ Ke7 46. Bg8 Bxc5 1/2-1/2

[Event "BCF-chT4 2223 (4NCL)"]
[Site "England"]
[Date "2023.02.05"]
[Round "6.15"]
[White "O'Byrne, Daniel"]
[Black "Zhu, Yaoyao"]
[Result "0-1"]
[WhiteElo "1682"]
[BlackElo "2056"]
[PlyCount "42"]
[EventDate "2022.11.05"]
[EventType "team-swiss"]
[EventRounds "11"]
[EventCountry "ENG"]
[SourceTitle "EXT 2024"]
[Source "ChessBase"]
[SourceDate "2023.10.10"]
[SourceVersion "1"]
[SourceVersionDate "2023.10.10"]
[SourceQuality "1"]
[WhiteTeam "War and Piece"]
[BlackTeam "Average Wood Pushers"]
[WhiteTeamCountry "ENG"]
[BlackTeamCountry "ENG"]

1. e4 e5 2. Nf3 Nc6 3. Bc4 Nf6 4. d3 Be7 5. c3 0-0 6. Nbd2 d5 7. exd5 Nxd5 8. b4 Nxc3 9. Qb3 b5 10. Bxf7+ Rxf7 11. Qxc3 Qd5 12. a3 Bf5 13. Bb2 Bxd3 14. Rc1 e4 15. Qxc6 Qxc6 16. Rxc6 exf3 17. Nxf3 Be4 18. Ne5 Bxc6 19. Nxc6 Bf6 20. Bxf6 Rxf6 21. Nd4 Re8+ 0-1

[Event "NATO-ch 32nd"]
[Site "Tartu"]
[Date "2022.06.30"]
[Round "5"]
[White "Moulton, Richard"]
[Black "O'Byrne, Daniel"]
[Result "0-1"]
[WhiteElo "1766"]
[BlackElo "1664"]
[PlyCount "78"]
[EventDate "2022.06.27"]
[EventType "swiss"]
[EventRounds "7"]
[EventCountry "EST"]
[SourceTitle "CBM 209 Extra"]
[Source "ChessBase"]
[SourceDate "2022.09.30"]
[SourceVersion "1"]
[SourceVersionDate "2022.09.30"]
[SourceQuality "1"]

1. e4 e6 2. d4 d5 3. Nc3 c5 4. exd5 cxd4 5. Qxd4 Nc6 6. Qa4 exd5 7. Nf3 d4 8. Nb5 Bb4+ 9. Bd2 Bxd2+ 10. Kxd2 Nge7 11. Bd3 0-0 12. Nbxd4 Nxd4 13. Qxd4 Qc7 14. Rhe1 Ng6 15. g3 Be6 16. b3 Rfd8 17. Qb4 Rac8 18. Rac1 a5 19. Qb5 Qc3+ 20. Kd1 Rc5 21. Qxc5 Qxc5 22. Ke2 Bg4 23. Be4 Re8 24. Kf1 Bxf3 25. Bxf3 Rxe1+ 26. Rxe1 Qxc2 27. Re2 Qc7 28. Kg2 Nf8 29. Bd5 g6 30. Bc4 b5 31. Bd5 Kg7 32. Bf3 Ne6 33. Rd2 Ng5 34. Be2 Qc3 35. Rd8 Qc6+ 36. f3 Qc2 37. Kf2 Qxa2 38. Ra8 Ne6 39. Ke1 Qxb3 0-1

[Event "NATO-ch 32nd"]
[Site "Tartu"]
[Date "2022.06.29"]
[Round "4"]
[White "O'Byrne, Daniel"]
[Black "Van den Heuvel, Tonnie"]
[Result "0-1"]
[WhiteElo "1664"]
[BlackElo "1799"]
[PlyCount "52"]
[EventDate "2022.06.27"]
[EventType "swiss"]
[EventRounds "7"]
[EventCountry "EST"]
[SourceTitle "CBM 209 Extra"]
[Source "ChessBase"]
[SourceDate "2022.09.30"]
[SourceVersion "1"]
[SourceVersionDate "2022.09.30"]
[SourceQuality "1"]

1. d4 Nf6 2. Bf4 e6 3. e3 c5 4. c3 Nc6 5. Bd3 a6 6. Nf3 b5 7. dxc5 Bxc5 8. 0-0 Qe7 9. a3 e5 10. Nbd2 e4 11. Nxe4 Nxe4 12. Qc2 d5 13. Rad1 Bg4 14. Be2 Rd8 15. Nd4 Nxd4 16. exd4 Bxe2 17. Qxe2 Bd6 18. Bxd6 Nxd6 19. Qh5 0-0 20. Qxd5 Nc4 21. Qc6 Nxb2 22. Rb1 Nc4 23. Qxa6 Nd2 24. Rfe1 Qg5 25. Qxb5 Nf3+ 26. Kh1 Qxb5 0-1

[Event "BCF-chT4S 1920 (4NCL)"]
[Site "England"]
[Date "2020.02.08"]
[Round "5.95"]
[White "Thomson, James L"]
[Black "O'Byrne, Daniel"]
[Result "0-1"]
[WhiteElo "1750"]
[BlackElo "1669"]
[PlyCount "128"]
[EventDate "2019.11.09"]
[EventType "team-swiss"]
[EventRounds "11"]
[EventCountry "ENG"]
[SourceTitle "EXT 2022"]
[Source "ChessBase"]
[SourceDate "2021.10.06"]
[SourceVersion "1"]
[SourceVersionDate "2021.10.06"]
[SourceQuality "1"]
[WhiteTeam "Ashfield II"]
[BlackTeam "War and Piece"]
[WhiteTeamCountry "ENG"]
[BlackTeamCountry "ENG"]

1. d4 Nf6 2. c4 c5 3. d5 b5 4. cxb5 a6 5. Nc3 axb5 6. e4 b4 7. Nb5 d6 8. Bd3 Qb6 9. Qe2 g6 10. Nf3 Bd7 11. e5 dxe5 12. Nxe5 Nxd5 13. Nxd7 Nxd7 14. 0-0 Bg7 15. Bc4 N7f6 16. Bd2 0-0 17. a3 bxa3 18. Rxa3 Rxa3 19. bxa3 e6 20. Qd3 Ra8 21. Rb1 Nc7 22. Qd6 Qxd6 23. Nxd6 Nfd5 24. Rb3 Bf8 25. Ne4 Kg7 26. h3 Ra4 27. Bxd5 exd5 28. Nc3 Ra8 29. Rb7 Bd6 30. Bc1 Be5 31. Bb2 d4 32. Nb5 Ne6 33. Rd7 Kf8 34. Kf1 Ra4 35. g3 Rc4 36. Rb7 Rc2 37. Na7 c4 38. a4 c3 39. Ba3+ Kg7 40. Nc6 Bf6 41. Nb4 Rd2 42. Ke1 Nc5 43. Rb5 Ne4 44. Bc1 Rxf2 45. a5 d3 46. Nxd3 Ra2 47. Nb4 Ra1 48. Kd1 Bg5 49. Rxg5 Nxg5 50. a6 Ne4 51. Kc2 Nc5 52. a7 Rxa7 53. Be3 Rc7 54. Nd5 Rc6 55. Ne7 Rc7 56. Nd5 Rd7 57. Bd4+ f6 58. Bxc5 Rxd5 59. Bb4 Rf5 60. Bd6 Rf3 61. Bb8 Kf7 62. Bc7 Ke6 63. Kc1 Kd5 64. Kc2 Kc4 0-1

[Event "NATO-ch 30th"]
[Site "Berlin"]
[Date "2019.09.18"]
[Round "4.47"]
[White "Adolfssen, Rico"]
[Black "O'Byrne, Daniel"]
[Result "1/2-1/2"]
[WhiteElo "1864"]
[BlackElo "1659"]
[PlyCount "33"]
[EventDate "2019.09.14"]
[EventType "team-swiss"]
[EventRounds "7"]
[EventCountry "GER"]
[SourceTitle "EXT 2020"]
[Source "ChessBase"]
[SourceDate "2019.10.17"]
[SourceVersion "1"]
[SourceVersionDate "2019.10.17"]
[SourceQuality "1"]
[WhiteTeam "Denmark"]
[BlackTeam "NATO II"]
[WhiteTeamCountry "DEN"]

1. e4 e6 2. d4 d5 3. Nc3 Bb4 4. Bd2 dxe4 5. Qg4 f5 6. Qxg7 Qf6 7. Qg3 Bd6 8. Bf4 Bxf4 9. Qxf4 c6 10. Be2 h5 11. 0-0-0 Qh6 12. Nh3 Nf6 13. Rd2 Qxf4 14. Nxf4 Kf7 15. h3 b6 16. Rhd1 Ba6 17. a3 1/2-1/2

[Event "BCF-chT4S 1819 (4NCL)"]
[Site "England"]
[Date "2019.05.05"]
[Round "10.121"]
[White "Ogunshola, Ben"]
[Black "O'Byrne, Daniel"]
[Result "1-0"]
[WhiteElo "2193"]
[BlackElo "1742"]
[PlyCount "45"]
[EventDate "2018.11.17"]
[EventType "team-swiss"]
[EventRounds "11"]
[EventCountry "ENG"]
[SourceTitle "EXT 2021"]
[Source "ChessBase"]
[SourceDate "2020.10.23"]
[SourceVersion "1"]
[SourceVersionDate "2020.10.23"]
[SourceQuality "1"]
[WhiteTeam "The Pitstop"]
[BlackTeam "Check Innmates III"]
[WhiteTeamCountry "ENG"]
[BlackTeamCountry "ENG"]

1. c4 Nf6 2. Nf3 c5 3. Nc3 Nc6 4. g3 g6 5. Bg2 Bg7 6. 0-0 0-0 7. d4 cxd4 8. Nxd4 Nxd4 9. Qxd4 d6 10. Qd2 Rb8 11. Rd1 Bd7 12. b3 Bc6 13. Bb2 Qa5 14. Nd5 Qd8 15. Nxf6+ exf6 16. Bxc6 bxc6 17. Qxd6 Qxd6 18. Rxd6 c5 19. Rad1 f5 20. Bxg7 Kxg7 21. Rd7 a5 22. Ra7 Ra8 23. Rdd7 1-0

[Event "BCF-chT4S 1819 (4NCL)"]
[Site "England"]
[Date "2019.05.04"]
[Round "9.66"]
[White "O'Byrne, Daniel"]
[Black "Monga, Kanav"]
[Result "1/2-1/2"]
[WhiteElo "1742"]
[BlackElo "1386"]
[PlyCount "48"]
[EventDate "2018.11.17"]
[EventType "team-swiss"]
[EventRounds "11"]
[EventCountry "ENG"]
[SourceTitle "EXT 2021"]
[Source "ChessBase"]
[SourceDate "2020.10.23"]
[SourceVersion "1"]
[SourceVersionDate "2020.10.23"]
[SourceQuality "1"]
[WhiteTeam "Check Innmates II"]
[BlackTeam "Warwicks Select II"]
[WhiteTeamCountry "ENG"]
[BlackTeamCountry "ENG"]

1. e4 c5 2. Nf3 e6 3. d4 cxd4 4. Nxd4 Nc6 5. Be3 a6 6. Nc3 Qc7 7. a3 Nf6 8. Be2 Be7 9. Qd2 b5 10. f4 b4 11. axb4 Bxb4 12. Bf3 Bb7 13. 0-0 d6 14. Ra4 Bc5 15. Kh1 Rd8 16. Nb3 Bb4 17. Qf2 Bxc3 18. bxc3 Ne7 19. Bb6 Qd7 20. Rd4 Rc8 21. e5 Nfd5 22. exd6 Nf5 23. Rxd5 Bxd5 24. Bxd5 Qxd6 1/2-1/2

[Event "BCF-chT4S 1819 (4NCL)"]
[Site "England"]
[Date "2019.04.14"]
[Round "8.142"]
[White "O'Byrne, Daniel"]
[Black "Lovell, William Pm"]
[Result "0-1"]
[WhiteElo "1742"]
[BlackElo "1900"]
[PlyCount "102"]
[EventDate "2018.11.17"]
[EventType "team-swiss"]
[EventRounds "11"]
[EventCountry "ENG"]
[SourceTitle "EXT 2021"]
[Source "ChessBase"]
[SourceDate "2020.10.23"]
[SourceVersion "1"]
[SourceVersionDate "2020.10.23"]
[SourceQuality "1"]
[WhiteTeam "Check Innmates III"]
[BlackTeam "Wessex III"]
[WhiteTeamCountry "ENG"]
[BlackTeamCountry "ENG"]

1. d4 d5 2. Nf3 Nf6 3. e3 Bf5 4. Bd3 Bg6 5. Ne5 e6 6. b3 Bd6 7. Bb2 Nbd7 8. f4 Ne4 9. g3 Ndf6 10. Bb5+ Kf8 11. Be2 c6 12. 0-0 Rc8 13. c4 a6 14. c5 Bc7 15. b4 Bxe5 16. dxe5 Nd7 17. g4 f5 18. exf6 gxf6 19. f5 exf5 20. gxf5 Bf7 21. Bh5 Bxh5 22. Qxh5 Qe7 23. Qh6+ Ke8 24. Rf3 Rg8+ 25. Kf1 Rg5 26. a3 Ne5 27. Bxe5 Qxe5 28. Ra2 Rxf5 29. Rf4 Rxf4+ 30. exf4 Qf5 31. Rg2 Ng5 32. Re2+ Kf7 33. Qh5+ Kg8 34. Re8+ Rxe8 35. Qxe8+ Kg7 36. Qe7+ Nf7 37. Qe1 Qxf4+ 38. Kg1 Ne5 39. Qg3+ Qxg3+ 40. hxg3 Nc4 41. Kf2 Kg6 42. Kf3 Kf5 43. a4 h5 44. Nc3 Nd2+ 45. Ke3 Ne4 46. Ne2 Kg4 47. Nf4 Nc3 48. a5 Ne4 49. Ne6 Kxg3 50. Nd8 h4 51. Nxb7 h3 0-1

[Event "NATO-ch 29th"]
[Site "Lubbock"]
[Date "2018.06.08"]
[Round "7"]
[White "O'Byrne, Daniel"]
[Black "Cirkvencic, Franci"]
[Result "0-1"]
[WhiteElo "1676"]
[BlackElo "2026"]
[PlyCount "30"]
[EventDate "2018.06.04"]
[EventType "swiss"]
[EventRounds "7"]
[EventCountry "USA"]
[SourceTitle "EXT 2019"]
[Source "ChessBase"]
[SourceDate "2018.10.10"]
[SourceVersion "1"]
[SourceVersionDate "2018.10.10"]
[SourceQuality "1"]

1. d4 Nf6 2. c4 e6 3. Nc3 Bb4 4. Bd2 b6 5. a3 Bxc3 6. Bxc3 Ne4 7. e3 Nxc3 8. bxc3 0-0 9. Be2 Nc6 10. Nf3 Ba6 11. 0-0 Na5 12. d5 Bxc4 13. Bxc4 Nxc4 14. Qd4 Na5 15. e4 Nb3 0-1

[Event "NATO-ch 29th"]
[Site "Lubbock"]
[Date "2018.06.07"]
[Round "6"]
[White "Tremblay, Mario"]
[Black "O'Byrne, Daniel"]
[Result "1/2-1/2"]
[WhiteElo "1636"]
[BlackElo "1676"]
[PlyCount "37"]
[EventDate "2018.06.04"]
[EventType "swiss"]
[EventRounds "7"]
[EventCountry "USA"]
[SourceTitle "EXT 2019"]
[Source "ChessBase"]
[SourceDate "2018.10.10"]
[SourceVersion "1"]
[SourceVersionDate "2018.10.10"]
[SourceQuality "1"]

1. e4 c5 2. c3 e6 3. d4 Nf6 4. Bd3 Nc6 5. Nf3 cxd4 6. cxd4 Nb4 7. 0-0 Nxd3 8. Qxd3 Be7 9. Re1 0-0 10. Nc3 h6 11. e5 Nh7 12. Ne4 d6 13. Bf4 dxe5 14. Nxe5 Qd5 15. Re3 Nf6 16. Nxf6+ Bxf6 17. Rg3 Kh8 18. Qe3 g5 19. Bxg5 1/2-1/2

[Event "BCF-chT4S 1718 (4NCL)"]
[Site "England"]
[Date "2018.03.24"]
[Round "7.132"]
[White "Sezer, Steve"]
[Black "O'Byrne, Daniel"]
[Result "1/2-1/2"]
[WhiteElo "1487"]
[BlackElo "1723"]
[PlyCount "66"]
[EventDate "2017.11.11"]
[EventType "team-swiss"]
[EventRounds "11"]
[EventCountry "ENG"]
[SourceTitle "EXT 2020"]
[Source "ChessBase"]
[SourceDate "2019.10.17"]
[SourceVersion "1"]
[SourceVersionDate "2019.10.17"]
[SourceQuality "1"]
[WhiteTeam "Barnet Knights III"]
[BlackTeam "Brown Jack III"]
[WhiteTeamCountry "ENG"]
[BlackTeamCountry "ENG"]

1. d4 f5 2. c4 Nf6 3. Nc3 d6 4. g3 Nc6 5. Bg2 e5 6. Bxc6+ bxc6 7. dxe5 Ng4 8. Nf3 Nxe5 9. Nxe5 dxe5 10. Qxd8+ Kxd8 11. 0-0 Be6 12. b3 Bb4 13. Bb2 Ke8 14. Na4 Kf7 15. Bxe5 Bd6 16. Bd4 Rhe8 17. e3 g5 18. c5 Bf8 19. Rfd1 Bd5 20. Nc3 Bf3 21. Re1 Rad8 22. Nb1 f4 23. Nd2 Bg4 24. Nc4 Rd5 25. b4 Bf3 26. Nd2 Bg4 27. Kg2 h5 28. Nf3 Kg6 29. h3 Bf5 30. Kh2 Be4 31. Nd2 Bf5 32. Nf3 Be4 33. Nd2 Bf5 1/2-1/2

[Event "BCF-chT4S 1617 (4NCL)"]
[Site "England"]
[Date "2017.02.11"]
[Round "5.55"]
[White "Dhemrait, Surjit S"]
[Black "O'Byrne, Daniel"]
[Result "1-0"]
[WhiteElo "1496"]
[BlackElo "1802"]
[PlyCount "81"]
[EventDate "2016.11.26"]
[EventType "team-swiss"]
[EventRounds "11"]
[EventCountry "ENG"]
[SourceTitle "EXT 2019"]
[Source "ChessBase"]
[SourceDate "2018.10.10"]
[SourceVersion "1"]
[SourceVersionDate "2018.10.10"]
[SourceQuality "1"]
[WhiteTeam "Cambridge University III"]
[BlackTeam "Brown Jack II"]
[WhiteTeamCountry "ENG"]
[BlackTeamCountry "ENG"]

1. e4 c5 2. f4 e6 3. Nf3 Nc6 4. Nc3 a6 5. Be2 g6 6. 0-0 Bg7 7. d3 Nge7 8. Qe1 0-0 9. Qh4 Re8 10. Ng5 h6 11. Nf3 f5 12. Kh1 d5 13. e5 b5 14. g4 d4 15. Nd1 Bb7 16. Qg3 Nb4 17. h4 Nxc2 18. Rb1 Bd5 19. b3 Rc8 20. h5 Rf8 21. Rg1 fxg4 22. Qxg4 Rf5 23. hxg6 Qe8 24. Kh2 c4 25. Rb2 cxb3 26. axb3 Nb4 27. Nf2 Nbc6 28. Ne4 Bxe4 29. dxe4 Rf8 30. Qxe6+ Kh8 31. f5 Nxf5 32. Qxe8 Rcxe8 33. exf5 Rxf5 34. Rd2 Rh5+ 35. Kg2 Nxe5 36. Nxe5 Rexe5 37. Bxh5 Rxh5 38. Bb2 Rg5+ 39. Kf1 Rf5+ 40. Ke2 d3+ 41. Kd1 1-0

[Event "BCF-chT4S 1617 (4NCL)"]
[Site "England"]
[Date "2017.01.14"]
[Round "3.84"]
[White "Desai, Nilomi"]
[Black "O'Byrne, Daniel"]
[Result "1/2-1/2"]
[WhiteElo "1705"]
[BlackElo "1802"]
[PlyCount "83"]
[EventDate "2016.11.26"]
[EventType "team-swiss"]
[EventRounds "11"]
[EventCountry "ENG"]
[SourceTitle "EXT 2019"]
[Source "ChessBase"]
[SourceDate "2018.10.10"]
[SourceVersion "1"]
[SourceVersionDate "2018.10.10"]
[SourceQuality "1"]
[WhiteTeam "Wood Green III"]
[BlackTeam "Brown Jack II"]
[WhiteTeamCountry "ENG"]
[BlackTeamCountry "ENG"]

1. d4 Nf6 2. c4 c5 3. d5 b5 4. b3 Qb6 5. Qc2 g6 6. Nd2 Bg7 7. Rb1 d6 8. e4 a6 9. Bb2 0-0 10. Bd3 e6 11. Ne2 Nbd7 12. Nf3 Re8 13. 0-0 exd5 14. exd5 Rb8 15. Ba1 Bb7 16. Rfe1 Re7 17. h3 Rbe8 18. Bc3 Bc8 19. Qd2 Ne4 20. Bxe4 Rxe4 21. Bxg7 Kxg7 22. Qc3+ Kg8 23. Ng3 Rxe1+ 24. Rxe1 Rxe1+ 25. Nxe1 bxc4 26. Qxc4 Qb4 27. Nd3 Qxc4 28. bxc4 f5 29. Nf1 Kf7 30. Nd2 Kf6 31. f4 h6 32. h4 g5 33. hxg5+ hxg5 34. g3 Nb6 35. Kf2 Bd7 36. Nb2 Be8 37. Ke2 Bh5+ 38. Nf3 g4 39. Nd2 Be8 40. Kf2 a5 41. Ke3 a4 42. a3 1/2-1/2

[Event "NATO-ch 27th"]
[Site "Shrivenham"]
[Date "2016.08.25"]
[Round "5"]
[White "Bellemare, Regis"]
[Black "O'Byrne, Daniel"]
[Result "0-1"]
[WhiteElo "1774"]
[BlackElo "1788"]
[PlyCount "168"]
[EventDate "2016.08.22"]
[EventType "swiss"]
[EventRounds "7"]
[EventCountry "ENG"]
[SourceTitle "EXT 2018"]
[Source "ChessBase"]
[SourceDate "2017.10.13"]
[SourceVersion "1"]
[SourceVersionDate "2017.10.13"]
[SourceQuality "1"]

1. e4 c5 2. Nc3 Nc6 3. g3 d6 4. Bg2 g6 5. f4 Bg7 6. Nf3 Nd4 7. Nxd4 Bxd4 8. Ne2 Bg7 9. 0-0 Qb6 10. c3 Bg4 11. h3 Bd7 12. Kh1 e5 13. f5 gxf5 14. exf5 h5 15. d3 Bh6 16. Bxh6 Nxh6 17. Be4 Bc6 18. Qb3 Bxe4+ 19. dxe4 Qc6 20. Qd5 Qxd5 21. exd5 f6 22. c4 Kd7 23. Nc3 Rhg8 24. Ne4 Ke7 25. a3 a5 26. a4 Ra6 27. Rf3 Rb6 28. b3 Nf7 29. Re1 Ra6 30. Kg2 Raa8 31. Kf2 Rg7 32. Ree3 Rag8 33. Re1 Nh6 34. Rg1 Nf7 35. Re1 Rh7 36. Ree3 Nh6 37. Re1 Kf7 38. Nxd6+ Kg7 39. Nxb7 Rc8 40. Nxa5 Nf7 41. h4 Nd6 42. Nc6 Kh6 43. a5 Ra8 44. Ra1 Ra6 45. Nd8 Rc7 46. Ne6 Rc8 47. Kg2 Nb7 48. Kh3 Rca8 49. Nc7 Rxa5 50. Rxa5 Rxa5 51. Ne8 Ra6 52. Rd3 Nd6 53. Nxd6 Rxd6 54. g4 hxg4+ 55. Kxg4 Rd7 56. d6 Rg7+ 57. Kf3 Rd7 58. Rd1 Kh5 59. Kg3 Rg7+ 60. Kh3 Rd7 61. Rd5 e4 62. Rxc5 Rxd6 63. Rb5 Rd3+ 64. Kg2 Kg4 65. c5 Rd2+ 66. Kf1 Kf3 67. Ke1 e3 68. Rb8 Ra2 69. Rd8 Ra1+ 70. Rd1 Rxd1+ 71. Kxd1 Kf2 72. b4 e2+ 73. Kc2 e1Q 74. Kb3 Qb1+ 75. Ka4 Qxf5 76. c6 Qc8 77. b5 Qg4+ 78. Ka5 Qxh4 79. b6 Qh8 80. b7 Qd8+ 81. Ka6 Qc7 82. Ka7 Qxc6 83. b8Q Qa4+ 84. Kb6 Qb4+ 0-1